Word in a Word II Quiz Stats

 Plays Quiz Updated Aug 13, 2017

Support Sporcle.
Go Orange.
Score 0/30 Timer 07:00
1 Play Today
Category Hidden Words? % Correct
Hidden countries?China
97.1%
Hidden countries?Spain
93.3%
Hidden modes of transport?plane
92.4%
Hidden musical instruments?harp
92.4%
Hidden musical instruments?drum
92.1%
Hidden musical instruments?pipe
92.1%
Hidden musical instruments?horn
92.1%
Hidden modes of transport?raft
91.6%
Hidden countries?Mali
91.2%
Hidden modes of transport?bus
90.8%
Hidden modes of transport?cab
90%
Hidden furniture/furnishings?vase
88.5%
Hidden furniture/furnishings?lamp
87.6%
Hidden modes of transport?tram
87.2%
Hidden furniture/furnishings?table
86.4%
Category Hidden Words? % Correct
Hidden musical instruments?lute
85%
Hidden countries?Chad
84.9%
Hidden superheroes?Robin
82.6%
Hidden food items?tart
80.9%
Hidden food items?dill
80.7%
Hidden food items?fig
79.2%
Hidden food items?bun
78.1%
Hidden furniture/furnishings?crib
75.1%
Hidden superheroes?Raven
72.3%
Hidden countries?Iran
71.7%
Hidden superheroes?Thing
71.7%
Hidden food items?cod
68.8%
Hidden superheroes?Thor
68.4%
Hidden furniture/furnishings?mat
65.3%
Hidden superheroes?Namor
37%

You're not logged in!

Compare scores with friends on all Sporcle quizzes.
OR
Log In
Forgot?

From the Vault

World Cities Match-Up

by ThumbsUpGuy

When it comes to these cities, they can't be matched.
Remove Ads.
Support Sporcle.
Get the best of Sporcle when you Go Orange. This ad-free experience offers more features, more stats, and more fun while also helping to support Sporcle. Thank you for becoming a member.

Show Comments

Extras

Top Quizzes Today


Score Distribution

Your Account Isn't Verified!

In order to create a playlist on Sporcle, you need to verify the email address you used during registration. Go to your Sporcle Settings to finish the process.

Report this User

Report this user for behavior that violates our Community Guidelines.

Details: